Dr. S. R. Lasker Library Online Catalogue

Home      Library Home      Institutional Repository      E-Resources      MyAthens      EWU Home

Global bioconversions / (Record no. 2385)

MARC details
000 -LEADER
fixed length control field 01057pam a2200337 a 4500
001 - CONTROL NUMBER
control field 2385
003 - CONTROL NUMBER IDENTIFIER
control field BD-DhEWU
005 - DATE AND TIME OF LATEST TRANSACTION
control field 20140622110719.0
008 - FIXED-LENGTH DATA ELEMENTS--GENERAL INFORMATION
fixed length control field 860731s1987 flua g b 001 0 eng d
020 ## - INTERNATIONAL STANDARD BOOK NUMBER
International Standard Book Number 0849345073 (set)
Cancelled/invalid ISBN 084934509x (v. 2)
035 ## - SYSTEM CONTROL NUMBER
System control number (OCoLC)830911241
040 ## - CATALOGING SOURCE
Original cataloging agency DLC
Transcribing agency DLC
Modifying agency DLC
-- BD-DhEWU
Language of cataloging eng
041 ## - LANGUAGE CODE
Language code of text/sound track or separate title eng
050 00 - LIBRARY OF CONGRESS CALL NUMBER
Classification number TP360
Item number .G57 1987
082 00 - DEWEY DECIMAL CLASSIFICATION NUMBER
Classification number 662.8
Item number GLB 1987
245 00 - TITLE STATEMENT
Title Global bioconversions /
Statement of responsibility, etc editor, Donald L. Wise.
260 ## - PUBLICATION, DISTRIBUTION, ETC. (IMPRINT)
Place of publication, distribution, etc Boca Raton, Fla. :
Name of publisher, distributor, etc CRC,
Date of publication, distribution, etc c1987.
300 ## - PHYSICAL DESCRIPTION
Extent 4 v. :
Other physical details ill. ;
Dimensions 26 cm.
500 ## - GENERAL NOTE
General note Errata sheet inserted.
504 ## - BIBLIOGRAPHY, ETC. NOTE
Bibliography, etc Includes bibliographies and indexes.
526 ## - STUDY PROGRAM INFORMATION NOTE
Program name English
590 ## - LOCAL NOTE (RLIN)
Local note Tahur Ahmed
650 #0 - SUBJECT ADDED ENTRY--TOPICAL TERM
Topical term or geographic name as entry element Biomass energy.
9 (RLIN) 12853
Topical term or geographic name as entry element Biogas.
9 (RLIN) 12854
Topical term or geographic name as entry element Biomass chemicals.
9 (RLIN) 12855
700 1# - ADDED ENTRY--PERSONAL NAME
Personal name Wise, Donald L.,
Fuller form of name (Donald Lee),
Dates associated with a name 1937-
9 (RLIN) 8797
856 42 - ELECTRONIC LOCATION AND ACCESS
Materials specified WorldCat details
Uniform Resource Identifier http://www.worldcat.org/title/global-bioconversions-vol-2/oclc/830911241&referer=brief_results
942 ## - ADDED ENTRY ELEMENTS (KOHA)
Source of classification or shelving scheme Dewey Decimal Classification
Koha item type Text
Holdings
Withdrawn status Lost status Source of classification or shelving scheme Damaged status Not for loan Collection code Home library Current library Shelving location Date acquired Source of acquisition Cost, normal purchase price Total Checkouts Full call number Barcode Copy number Koha item type
    Dewey Decimal Classification   Not For Loan Non-fiction Dr. S. R. Lasker Library, EWU Dr. S. R. Lasker Library, EWU Reserve Section 16/07/1997 Other 0.00   662.8 GLB 1987 1353 C-1 Text